Gọi nhau qua vách núi: Tuyển trường ca và tác phẩm đoạt giải văn học

Gespeichert in:
Bibliographische Detailangaben
1. Verfasser: Thi Hoàng
Format: Buch
Sprache:Undetermined
Veröffentlicht: H. QĐND 2003
Schlagworte:
Tags: Tag hinzufügen
Keine Tags, Fügen Sie den ersten Tag hinzu!
Thư viện lưu trữ: Trung tâm Học liệu Trường Đại học Cần Thơ
LEADER 00575nam a2200205Ia 4500
001 CTU_58865
008 210402s9999 xx 000 0 und d
020 |b 28000 
082 |a 895.922134 
082 |b Th300 
100 |a Thi Hoàng 
245 0 |a Gọi nhau qua vách núi: Tuyển trường ca và tác phẩm đoạt giải văn học 
260 |a H. 
260 |b QĐND 
260 |c 2003 
650 |a vietnamese poetry 
650 |x collections 
650 |y 20th century 
904 |i Minh 
980 |a Trung tâm Học liệu Trường Đại học Cần Thơ